000 00811cam a22002293a 4500
001 19804
003 PGUSA
005 20140828083423.0
008 061114s2006||||xxu|||||s|||||000 | eng d
040 _aPGUSA
_beng
042 _adc
050 4 _aZ
100 1 _aStephen, Geo. A.
_q(George Arthur),
_d1880-1934
245 1 0 _aThree Centuries of a City Library :
_ban Historical and Descriptive Account of the Norwich Public Library Established in 1608 and the present Public Library opened in 1857
_h[electronic resource] /
_cGeo. A. Stephen
260 _bProject Gutenberg,
_c2006
506 _aPublic domain in the USA.
516 _aElectronic text
653 _aNorwich (England). Public Libraries
830 0 _aProject Gutenberg
_v19804
856 4 0 _uhttp://www.gutenberg.org/ebooks/19804
942 _cEB
999 _c249059
_d249059